01019nam a2200301 a 450000100080000000500110000800800410001910000210006024501530008126000420023430000190027652001390029565000130043465000170044765000180046465300090048265300140049165300240050565300240052965300180055365300190057170000230059070000170061370000220063070000210065270000240067370000200069715073302026-03-16 1997 bl uuuu u0uu1 u #d1 aAMARAL, E. F. do aQuantificação e avaliação dos efeitos da mecanização na área agrícola do imóvel Alcobrás - Capixaba - estado do Acrebrelatório técnico. aRio Branco, AC: Embrapa-CPAF-ACc1997 anão paginado. aIntrodução; Metodologia; Descrição das áreas estudadas; Resultados; Alternativas de recuperação; Conclusões e recomendações. aAmazonia aAssentamento aMecanização aAcre aAlcobrás aAmazonia Occidental aAmazônia Ocidental aCapixaba (AC) aWestern Amazon1 aGOMES, T. C. de A.1 aPAMPLONA, W.1 aBARBOSA, J. T. A.1 aSANT'ANNA, H. M.1 aRIBEIRO NETO, M. A.1 aCOSTA, L. P. da